| 000 | 00510nmm a22001817a 4500 | ||
|---|---|---|---|
| 005 | 20161122142142.0 | ||
| 008 | 150618b xxu||||| |||| 00| 0 spa d | ||
| 041 | _aspa | ||
| 082 | _aDE 108 | ||
| 100 |
_aCordero Torres, Jessica _933478 |
||
| 245 | _aInforme de Práctica Supervisada en el Instituto Nacional de Seguros , Turrialba | ||
| 260 | _c2014 | ||
| 650 |
_aCOSTA RICA _933479 |
||
| 650 |
_aDIRECCIÓN DE EMPRESAS _917 |
||
| 650 |
_aPROCEDIMIENTOS _96998 |
||
| 650 |
_aDOCUMENTOS _92577 |
||
| 942 | _cIP | ||
| 999 |
_c8633 _d8633 |
||